Communication Skills For Polytechnics (Record no. 7390)

MARC details
000 -LEADER
fixed length control field 00325nam a2200145Ia 4500
008 - FIXED-LENGTH DATA ELEMENTS--GENERAL INFORMATION
fixed length control field 221030s9999 xx 000 0 und d
041 ## - LANGUAGE CODE
Language code of text/sound track or separate title
082 ## - DEWEY DECIMAL CLASSIFICATION NUMBER
Classification number 105.23
Item number Sin
100 ## - MAIN ENTRY--AUTHOR NAME
Personal name G. Singh
245 #0 - TITLE STATEMENT
Title Communication Skills For Polytechnics
260 ## - PUBLICATION, DISTRIBUTION, ETC. (IMPRINT)
Place of publication India
Year of publication 0
300 ## - PHYSICAL DESCRIPTION
Number of Pages 156
650 ## - SUBJECT ADDED ENTRY--TOPICAL TERM
Topical Term English
942 ## - ADDED ENTRY ELEMENTS (KOHA)
Koha item type Books
Holdings
Accession Number Cost, normal purchase price Full call number Price effective from Koha item type Withdrawn / writtenoff status Materials specified (bound volume or other part) Damaged status Not for loan Permanent Location Current Location Shelving location Date acquired Lost/ Missing status department
BE 3823 99.00 105.23 Sin 10/30/2022 Books   Print     MIET Library, Jammu MIET Library, Jammu BL-Academic Block A, FL-1, CUP-21, SH-3, R-3 04/24/2001   BE
B 3823   105.23 10/30/2022 Books   Print     MIET Library, Jammu MIET Library, Jammu BL-, FL-, CUP-0, SH-0, R-0 06/15/2012   BE